000 00940nam a2200241 a 4500
001 39010
003 BD-RjUL
005 20211209052911.0
008 160511b1970 bg ||||| |||| 00| 0 ben d
020 _c: Tk. 6.00
035 _a(BD-RjUL)39121
040 _aBD-RjUL
_beng
_cBD-RjUL
_dBD-RjUL
041 _aben
082 _223
_a306.099144
_bCHS 1970
100 _aচৌধুরী, মোতাহের হোসেন
_9120438
245 1 0 _aসংস্কৃতি-কথা /
_cমোতাহের হোসেন চৌধুরী
250 _a২য় সং.
260 _aঢাকা :
_bবাংলা একাডেমী,
_c১৯৭০
300 _a৩০০ পৃ. ;
_c২১ সেমি.
650 _aবাংলাদেশ
_xসামাজিক জীবন ও রীতি
_yবিশ শতক
_9120439
650 _aBangladesh
_xSocial life and customs
_y20th century.
_9120440
942 _2ddc
_cBK
_01
999 _c39010
_d39010